| 000 | 01267cam a2200337 a 4500 | ||
|---|---|---|---|
| 001 | 16470110 | ||
| 003 | NUST | ||
| 005 | 20220818122211.0 | ||
| 008 | 100922s2010 pk ab bs 001 0 eng | ||
| 010 | _a 2010348094 | ||
| 020 | _a9789694025438 | ||
| 025 | _aP-E-2010348094; 28 | ||
| 040 |
_aDLC _cDLC _dDLC |
||
| 042 |
_alcode _apcc |
||
| 043 |
_aa-pk--- _aa-ii--- |
||
| 050 | 0 | 0 |
_aHD1698.P3 _bS326 2010 |
| 082 | _a333.9100954, SID | ||
| 100 | 1 |
_aSiddiqui, Iqtidar H. _9101 |
|
| 245 | 1 | 0 |
_aHydro politics & water wars in South Asia / _cby Iqtidar H. Siddiqui. |
| 246 | 1 | 4 | _aHydro politics and water wars in South Asia |
| 246 | 3 | 0 | _aWater wars |
| 260 |
_aLahore : _bVanguard Books, _cc2010. |
||
| 300 |
_axviii, 280 p. : _bill., maps ; _c22 cm. |
||
| 505 | _aPart 1: Pakistan and Its Resources (Page-01), Part 2: Sharing of International Rivers Waters (Page-51), Part 3: Water Management Within Pakistan (Page-113), Part 4: Hydro-Politics (Page-211). | ||
| 650 | 0 |
_aWater-supply _zPakistan _xManagement. _997989 |
|
| 650 | 0 |
_aWater-supply _xPolitical aspects _zPakistan. _997990 |
|
| 650 | 0 |
_aWater-supply _xPolitical aspects _zIndia. _997991 |
|
| 906 |
_a7 _bcbc _corigode _d3 _encip _f20 _gy-gencatlg |
||
| 942 |
_2ddc _cBK |
||
| 999 |
_c591210 _d591210 |
||